Código Civil y Comercial de la Nación /
Guardado en:
| Formato: | Libro |
|---|---|
| Idioma: | Undetermined |
| Publicado: |
Ciudad Autónoma de Buenos Aires :
Erreius,
2018.
|
| Edición: | 1a. ed. |
| Materias: | |
| Etiquetas: |
Agregar Etiqueta
Sin Etiquetas, Sea el primero en etiquetar este registro!
|
| LEADER | 00615nam a22001815a 4500 | ||
|---|---|---|---|
| 001 | DER.der015502 | ||
| 008 | 251113s2018####xx############000#0#und#d | ||
| 005 | 20251114092704.0 | ||
| 245 | 1 | 0 | |a Código Civil y Comercial de la Nación / |c Argentina. |
| 250 | |a 1a. ed. | ||
| 260 | |a Ciudad Autónoma de Buenos Aires : |b Erreius, |c 2018. | ||
| 300 | |a 1168 p. | ||
| 500 | |a Palabras preliminares de Ricardo L. Lorenzetti. | ||
| 500 | |a Nota introductoria y concordancias de Daniel R. Vítolo. | ||
| 020 | |a 9789874405319 | ||
| 240 | 1 | 0 | |a Argentina - Códigos |
| 650 | 7 | |a DERECHO CIVIL | |
| 859 | |a DERECHO |b BIB. DERECHO |h 348.023 |i ARG |p 0010738 | ||
